000 00498nam a22001937a 4500
003 MPLRDC
005 20220104124522.0
008 210129b ||||| |||| 00| 0 eng d
020 _a957-517-488-7
082 _a308.9 KXCS v.11
100 _a世一编辑部
245 _a发明列车
_c
250 _a再版六刷
260 _a
_b世一文化事业股份有限
_c1994
300 _b
490 _a科学常识百科. 11
650 _a儿童用科学丛书
942 _cBK
_o308.9 KXCS v.11
999 _c19979
_d19969